All 50k U.S. Cities on a Map by Letter - A - Statistics

General Stats
  • This quiz has been taken 6,564 times
    3,930 since last reset
  • The average score is 23 of 40
Answers on the Map
Answers color-coded by a green-red scale on the quiz's map according to % correct below.
 
Answer Stats
City State Population % Correct
Austin TX 979,882
98%
Atlanta GA 510,823
97%
Albuquerque NM 560,274
95%
Anchorage AK 286,075
95%
Albany NY 101,228
91%
Albany GA 66,877
91%
Albany OR 57,053
91%
Anaheim CA 340,512
84%
Aurora CO 395,052
83%
Aurora IL 177,563
83%
Arlington TX 398,431
81%
Akron OH 188,701
79%
Augusta GA 200,884
77%
Amarillo TX 202,408
76%
Allen TX 111,620
74%
Allentown PA 124,880
72%
Ann Arbor MI 119,381
71%
Alexandria VA 155,230
69%
Athens GA 128,628
68%
Asheville NC 95,056
63%
Abilene TX 129,043
59%
Auburn WA 83,870
53%
Auburn AL 82,025
53%
Appleton WI 74,719
51%
Ames IA 65,686
48%
Arvada CO 121,414
43%
Antioch CA 117,096
41%
Alameda CA 75,353
35%
Apple Valley CA 75,036
33%
Apple Valley MN 55,336
33%
Anderson IN 55,199
32%
Avondale AZ 93,545
31%
Alpharetta GA 67,056
30%
Ankeny IA 74,458
28%
Arlington Heights IL 74,495
25%
Apopka FL 59,113
24%
Alhambra CA 79,776
23%
Apex NC 72,225
23%
Arcadia CA 54,157
21%
Aliso Viejo CA 50,263
16%
No matching quizzes found
Score Distribution
Percent of People with Each Score
Percentile by Number Answered
Your Score History
You have not taken this quiz since the last reset